| 000 | 00497nam a2200193 a 4500 | ||
|---|---|---|---|
| 001 | 1764487598971 | ||
| 003 | YourLibrary | ||
| 005 | 20251204111955.0 | ||
| 008 | 251130s2005##################000#0#eng## | ||
| 020 | _a9780521847377 | ||
| 082 | 0 | 4 |
_a200.711 _bFOR |
| 100 | 1 |
_aFord, David F., _eauthor. |
|
| 245 | 1 | 0 | _aFields of Faith : |
| 260 |
_bCambridge University Press, _c2005. |
||
| 300 | _a268 pages | ||
| 650 | 0 | _aEducation. | |
| 942 | _cENGLISH | ||
| 040 |
_aYourLibrary _beng _cYourLibrary |
||
| 999 |
_c599909 _d599909 |
||